| 000 | 00536nam a2200181Ia 4500 | ||
|---|---|---|---|
| 999 |
_c37405 _d37405 |
||
| 003 | OSt | ||
| 005 | 20200930095437.0 | ||
| 008 | 190216s9999||||xx |||||||||||||| ||und|| | ||
| 040 | _coclc | ||
| 082 |
_a592 _bKOT/M |
||
| 100 |
_aKotpal, R L _95002 |
||
| 245 | 0 |
_aModern Textbook Of Zoology Invertebrates / _cR L Kotpal ; S K Agarwal ; R P Khetarpal |
|
| 250 | _a6th Ed. | ||
| 260 |
_bRasthogi Publications, _c1973. _aMeerut: |
||
| 300 | _a646p | ||
| 650 | _aZoology | ||
| 942 |
_cBK _2ddc _h592 _iKOT/M _k592 _mKOT/M |
||